Réal Madrid : 11 du XXIème siècle - Statistiques

Statistiques générales
  • Ce quiz a été pris 2 039 fois
  • Le résultat moyen est 15 sur 16
Statistiques - réponses
Poste Nationalité Années au club Joueurs % Correct
Ailier Gauche Portugais 2009-2018 Cristiano Ronaldo
99%
Buteur Français 2009-2023 Karim Benzema
99%
Milieu Central Croate 2012- Luka Modric
99%
Remplaçant (Attaquant) Gallois 2013-2022 Gareth Bale
98%
Remplaçant (Gardien) Belge 2018- Thibaut Courtois
98%
Gardien Espagnol 1999-2015 Iker Casillas
97%
Défenseur Central Portugais 2007-2017 Pepe
97%
Défenseur Central Espagnol 2005-2021 Sergio Ramos
97%
Milieu Central Allemand 2014-2024 Toni Kroos
97%
Défenseur Gauche Brésilien 2007-2022 Marcelo
96%
Défenseur Droit Espagnol 2013- Dani Carvajal
95%
Remplaçant (Défenseur) Français 2011-2021 Raphael Varane
95%
Milieu Central Français 2001-2006 Zinedine Zidane
95%
Entraîneur Italien 2013-2015 / 2021- Carlo Ancelotti
94%
Remplaçant (Milieu) Brésilien 2014-2023 Casemiro
87%
Buteur Espagnol 1994-2012 Raul Gonzalez
80%
Aucun quiz correspondant
Distribution des résultats
% des personnes avec chaque résultat
Percentile par nombre de réponses
Votre historique - résultats
Vous n’avez pas pris ce quiz